00784nam a22002177a 450000500170000001000500001702000320006702000320009902000470013103500180017803500170019603700190021303700130023208200120024510000270025724500540028426000400033830000420037850000500042050500960047020180619110527.0 a1718EN-30 ENG-118198-199 B-686442-451 a9789382711421 pt.1c750.00 a9789382711438 pt.2c750.00 a9789382711827 setc1295.00 (set of 2 pts.) aEN-101730-731 aB-686442-451 bStar Pub.adpl bDBAD/PUB a954.084 aPurkayastha, Sudip Kar aOn the road to freedom/cby Sudip Kar Purkayastha aNew DelhibVitasta Publishingc2015 a2pts.(ix,488p.; ix, 653p.)c23cm.(Hb) aIncludes bibliographical references and index apt.1--Footprints on Indian history 1877-1936. pt.2--Footprints on Indian history 1937-1947